000 00557nam a22001937a 4500
003 koha_MIRAKIL
005 20231213095925.0
008 231213b |||||||| |||| 00| 0 ||| d
020 _b978-9-75082706-8
040 _aTR-IsEVY
_btur
_cTR-IsEVY
082 _aFIC JAN/K
100 _aJanisch, Heinz.
245 0 _aKöprüyü geçerken
_bDev ile Ayının Öyküsü
260 _bYapı Kredi Yayınları,
_c2014
300 _a[32] s.
650 _aChildren's literature -- Short stories.
650 _aÇocuk edebiyatı -- Hikayeler.
942 _2ddc
_cBK
999 _c11649
_d11649